Lessons from nothing : activities for language teaching with limited time and resources /

সংরক্ষণ করুন:
গ্রন্থ-পঞ্জীর বিবরন
প্রধান লেখক: Marsland, Bruce.
বিন্যাস: গ্রন্থ
ভাষা:English
প্রকাশিত: New York : Cambridge University Press, 1998.
বিষয়গুলি:
ট্যাগগুলো: ট্যাগ যুক্ত করুন
কোনো ট্যাগ নেই, প্রথমজন হিসাবে ট্যাগ করুন!
Thư viện lưu trữ: Mạng thư viện Đại học Đà Nẵng
LEADER 00957cam a2200337 i 4500
001 000045544
003 4730
005 20041027084210.0
008 010220b1998 vm 000 eng
020 |a 0521627656 (pbk.) 
022 |a T 
040 |a IRC  |c IRC  |d IRC 
041 0 |a eng 
082 1 4 |a 428.007  |b MA-B 
100 1 |a Marsland, Bruce. 
245 1 0 |a Lessons from nothing :  |b activities for language teaching with limited time and resources /  |c Bruce Marsland. 
260 |a New York :  |b Cambridge University Press,  |c 1998. 
300 |a x, 90 p. 
630 0 4 |a English language. 
650 0 4 |a English language  |x Problems, exercises, etc. 
650 0 4 |a English language  |x Study and teaching  |x Foreign speakers. 
OWN |a DUT 
999 |a From the UDN01 
TYP |a Monograph 
TYP |a Printed language 
980 |a Mạng thư viện Đại học Đà Nẵng